The Penguin Heath Robinson /

El ilustrador inglés Heath Robinson (1872-1944) fue famoso por su búsqueda de perspectivas imposibles en sus ilustraciones, muchas de ellas más cercanas la historieta que a la ilustración científica y que crean las máquinas novedosas (imposibles la mayor de las veces). Realizó estudios de arte en el...

Fuld beskrivelse

Guardado en:
Bibliografiske detaljer
Hovedforfatter: Robinson, W. Heath
Format: Bog
Sprog:engelsk
Udgivet: Middlesex, Inglaterra : Penguin, 1966, c1966
Serier:(Penguin Book ; 2395)
Fag:
Tags: Tilføj Tag
Ingen Tags, Vær først til at tagge denne postø!

MARC

LEADER 00000nam^a2200000^a^4500
001 000185872
005 20250521000000.0
009 20260310102205.719
037 |a Acervo ITESO - Biblioteca 
041 |a ING 
082 |a 741. 57  |b ROB 
100 |a Robinson, W. Heath 
245 1 4 |a The Penguin Heath Robinson /  |c W.H. Robinson ; introd. de R. Furneaux Jordan. 
264 4 |a Middlesex, Inglaterra :  |b Penguin,  |c 1966, c1966 
300 |a 1 v. (sin paginación) 
336 |a texto  |b txt  |2 rdacontenido 
337 |a sin mediación  |b n  |2 rdamedio 
338 |a volumen  |b nc  |2 rdasoporte 
440 1 |a (Penguin Book ;  |v 2395) 
520 |a El ilustrador inglés Heath Robinson (1872-1944) fue famoso por su búsqueda de perspectivas imposibles en sus ilustraciones, muchas de ellas más cercanas la historieta que a la ilustración científica y que crean las máquinas novedosas (imposibles la mayor de las veces). Realizó estudios de arte en el Islington School of Art; cuando se dio cuenta que no podía vivir como paisajista, empezó a hacer ilustraciones para libros, entre ellos Poems of Edgar Allan Poe, The Giant Crab and Other Tales From Old India, Danish Fairy Tales and Legends of Hans Andersen, Don Quijote y The Pilgrim's Progress; también realizó cartones que se publicaban semanalmente en The Tattler, The Bystander and The Sketch. 
649 |a XX 
650 |a Historietas y Caricaturas de Humor 
650 |a Historietas y Caricaturas Inglesas 
650 |a Medios de Comunicación 
650 |a Comunicación Masiva 
910 |a Fondo General 
920 |a Impresos - Libros 
930 |a Colección General 
905 |a 101 
901 |a 0500127098  |b IT1  |c ACC  |u 20250521 
902 |a https://opac.biblio.iteso.mx/vufind/Record/000185872